[Event "Kurnosov Memorial Rapid 2019"]
[Site "Chelyabinsk"]
[Date "2019.09.07"]
[Round "8.7"]
[White "Zhalmakhanov, Ramazan"]
[Black "Yudin, Sergei"]
[Result "1/2-1/2"]
[WhiteElo "2342"]
[BlackElo "2494"]
[Annotator "TA"]
[PlyCount "30"]
[EventDate "2019.09.06"]
[EventType "swiss"]
[EventCountry "RUS"]
[SourceTitle "playchess.com"]
[Source "ChessBase"]
[SourceQuality "1"]

{[%evp 9,30,18,11,1,16,10,27,11,46,36,49,58,54,47,50,41,45,49,66,23,17,20,39]} 1. e4 d6 2. d4 Nf6 3. Nc3 e5 4. Nge2 Be7 5. Be3 O-O 6. f3 {B07: Pirc Defence: Miscellaneous Systems} exd4 7. Qxd4 Nc6 8. Qd2 {White has an edge.} a6 9. O-O-O b5 10. Nf4 (10. Kb1 Ne5 11. Nd4 c5 12. Nf5 Bxf5 13. exf5 {1-0 (45) Anand,V (2773)-Yudin,S (2507) St Petersburg 2018}) 10... Ne5 11. Ncd5 $146 ({Predecessor:} 11. Qf2 Bd7 12. Rg1 {½-½ (95) Sobjerg,E (2270)-Hansen,J Copenhagen 1993}) 11... Nxd5 12. Nxd5 Be6 13. Kb1 Rb8 14. Qa5 Bxd5 15. Rxd5 c6 {Accuracy: White = 77%, Black = 41%.} 1/2-1/2

[Event "Kurnosov Memorial Rapid 2019"]
[Site "Chelyabinsk"]
[Date "2019.09.07"]
[Round "8.8"]
[White "Pridorozhni, Aleksei"]
[Black "Mirzoev, Azer"]
[Result "1-0"]
[WhiteElo "2599"]
[BlackElo "2502"]
[Annotator "TA"]
[PlyCount "139"]
[EventDate "2019.09.06"]
[EventType "swiss"]
[EventCountry "RUS"]
[SourceTitle "playchess.com"]
[Source "ChessBase"]
[SourceQuality "1"]

{[%evp 12,139,23,31,27,23,32,33,56,37,59,52,63,66,71,61,66,47,57,54,50,47,56,30,51,41,39,39,53,26,26,26,36,8,8,0,4,0,0,0,0,0,0,0,0,0,0,0,0,-9,0,0,10,14,17,16,23,9,17,8,8,8,14,8,8,0,8,0,8,8,8,8,8,0,8,8,8,8,8,8,65,65,80,80,80,80,80,80,80,80,80,80,80,80,80,80,80,80,80,80,80,80,80,80,80,80,29963,29965,29965,29966,29964,29965,29963,29966,29965,29966,29966,29964,29964,5223,29954,29948,29973,29969,29955,12792,29975,29972,29986,29987]} 1. e4 e5 2. Nf3 Nc6 3. d4 exd4 4. Nxd4 Bb4+ 5. c3 Bc5 6. Be3 Bb6 7. Nf5 Bxe3 {C45: Scotch Game} 8. Nxe3 d6 9. c4 Nge7 {White is slightly better.} 10. Nc3 O-O 11. Bd3 a5 $146 ({Predecessor:} 11... f5 12. exf5 Nxf5 13. Bxf5 Bxf5 14. Qd5+ Kh8 15. Nxf5 {½-½ (29) Khairullin,I (2639)-Alekseev,E (2683) St Petersburg 2012}) 12. O-O Kh8 13. f4 f5 14. exf5 Nxf5 15. Nxf5 Bxf5 16. Bxf5 Rxf5 17. Qd3 Rf7 18. Rad1 Qh4 19. Qd2 h6 20. g3 Qh5 21. b3 Re8 22. Qd5 (22. Rf2 {seems wilder.} Nb4 23. Re1 Rxe1+ 24. Qxe1 Qf5 25. Qe8+) 22... Qxd5 23. cxd5 Nb4 24. Rd2 Re3 25. Nb5 Rfe7 26. Rc1 Re1+ 27. Rxe1 Rxe1+ $11 {[%mdl 4096] Endgame KRN-KRN} 28. Kf2 Rc1 29. a3 Na6 30. Kf3 Kg8 31. Rd3 Kf7 32. Rc3 Rxc3+ 33. Nxc3 {KN-KN} c6 34. Ke3 Nc7 35. Kd4 h5 36. a4 g6 37. Kc4 Ke7 38. h3 Kd7 39. Kd4 Ke7 40. g4 hxg4 41. hxg4 Na6 42. Ne4 {Hoping for f5.} Nb4 43. dxc6 bxc6 44. f5 gxf5 45. gxf5 Nc2+ ({Black should play} 45... c5+ $11 46. Kc3 Kd7) 46. Kc3 $14 Ne3 47. f6+ Ke6 {[#]} 48. f7 $1 {[%cal Rf7f8][%mdl 576] Deflection, Decoy} Kxf7 49. Nxd6+ Ke6 50. Nb7 $1 {Threatens to win with Kd4.} Kd5 51. Nxa5 c5 52. Nc4 Nf5 53. Kd3 {Strongly threatening Ne3+.} Ne7 54. Ne3+ Kc6 55. Ke4 Nc8 56. Nc4 $1 Ne7 57. Ke5 {Black must now prevent Ke6.} Ng6+ {[#]} 58. Kf5 $1 {[%cal Rf5g6]} Nh4+ $2 {[%mdl 8192] [#]} (58... Nf8 $16 59. Kf6 Nh7+ 60. Ke5 Nf8) 59. Ke6 $1 Ng2 60. Ne5+ Kb6 61. Kd6 Nf4 62. Nc4+ Ka6 63. Kxc5 Nd3+ 64. Kd4 Nb4 65. Ne5 (65. Ne3 $142 Ka5 66. Nd5 Nc6+ 67. Kc3 Nd8 68. Ne3 Ka6 69. Nc4 Ne6 70. b4) 65... Kb6 66. Kc4 Nc2 67. b4 Ne3+ 68. Kd4 Nc2+ 69. Kc3 Ne3 70. Nc4+ {Accuracy: White = 58%, Black = 49%.} 1-0

[Event "Kurnosov Memorial Rapid 2019"]
[Site "Chelyabinsk"]
[Date "2019.09.07"]
[Round "8.9"]
[White "Romanov, Evgeny"]
[Black "Slizhevsky, Alexander"]
[Result "1-0"]
[WhiteElo "2579"]
[BlackElo "2459"]
[Annotator "TA"]
[PlyCount "43"]
[EventDate "2019.09.06"]
[EventType "swiss"]
[EventCountry "RUS"]
[SourceTitle "playchess.com"]
[Source "ChessBase"]
[SourceQuality "1"]

{[%evp 12,43,0,1,35,36,27,32,76,40,87,0,10,0,17,26,33,0,2,0,0,0,0,0,6,8,0,0,148,138,142,133,439,439]} 1. d4 Nf6 2. Nf3 g6 3. Bg5 Bg7 4. Nbd2 O-O 5. e4 d5 6. exd5 Nxd5 7. c3 Nd7 {A48: 1 d4 Nf6 2 Nf3 g6: Torre, London and Colle Systems} 8. Bc4 N5b6 9. Bb3 c5 {White is slightly better.} 10. O-O cxd4 {[#]} 11. cxd4 (11. Re1 $1 $16 dxc3 12. Bxe7 (12. bxc3 Nf6 $11) 12... cxb2 13. Rb1) 11... Nf6 $11 12. Re1 Nbd5 $146 ({Predecessor:} 12... a5 13. a3 a4 14. Ba2 Nbd5 15. Ne5 {1-0 (30) Romanov,E (2644)-Nguyen,P (2433) Graz 2017}) 13. Ne5 Be6 14. Qf3 (14. h3 {keeps more tension.} Rc8 15. Ndf3 Qb6 16. Qd2 Rcd8 17. Rac1) 14... Qb6 15. Bxf6 (15. Rad1 {is interesting.} Qxd4 16. Ndc4 Qc5 17. Nxf7 Bxf7 18. Ne5) 15... exf6 16. Nxf7 Bxf7 17. Bxd5 Qxd4 18. Bxf7+ Rxf7 19. Ne4 {Black should prevent Rad1.} Kh8 {[#]} (19... Re7 $11 20. Qb3+ Kh8) 20. Ng5 $1 $16 {[%cal Rg5f7][%mdl 576] Pin} Rd7 (20... fxg5 21. Qxf7) 21. Rad1 Qa4 $2 {[%mdl 8192] [#]} (21... fxg5 $16 {is more resistant.} 22. Rxd4 Bxd4) 22. Qh3 $1 {[%csl LRd7,LRh7][%mdl 576] Double Attack. Accuracy: White = 71%, Black = 27%.} 1-0

[Event "Kurnosov Memorial Rapid 2019"]
[Site "Chelyabinsk"]
[Date "2019.09.07"]
[Round "8.10"]
[White "Kotsur, Pavel"]
[Black "Sveshnikov, Evgeny"]
[Result "1/2-1/2"]
[WhiteElo "2528"]
[BlackElo "2449"]
[Annotator "TA"]
[PlyCount "30"]
[EventDate "2019.09.06"]
[EventType "swiss"]
[EventCountry "RUS"]
[SourceTitle "playchess.com"]
[Source "ChessBase"]
[SourceQuality "1"]

{[%evp 16,30,28,27,24,18,43,-2,-5,0,0,-19,-4,-17,-16,-6,619]} 1. e4 c5 2. Nf3 Nc6 3. Bb5 e6 4. O-O Nge7 5. c3 a6 6. Ba4 b5 7. Bc2 Bb7 8. Re1 Rc8 9. a4 b4 {B30: Sicilian: 2...Nc6 3 Bb5, lines without ...g6} 10. d4 bxc3 11. bxc3 (11. d5 $5 {[%cal Rd5c6]} cxb2 12. Bxb2 $15) (11. d5 Nb4 12. bxc3 Nxc2 13. Qxc2 Ng6 14. c4 Be7 15. Nc3 O-O 16. Rb1 Rb8 17. Bd2 {½-½ (30) Wei,Y (2737)-Yu,Y (2734) Taizhou 2015}) 11... cxd4 {The position is equal.} 12. cxd4 Nb4 13. Bb3 Rxc1 {[%mdl 64] [#] Decoy} 14. Qxc1 {Qd2 is the strong threat.} Nd3 {[%mdl 64] Double Attack} 15. Qe3 Bc8 $146 {[%mdl 40960] An unexpected result.} (15... Nxe1 $11 16. Qxe1 Ng6) ({Predecessor:} 15... Nxe1 16. Qxe1 Ng6 {½-½ (16) Manik,M (2426)-Zambor,N (2242) Slovakia 2010}) 1/2-1/2

[Event "Kurnosov Memorial Rapid 2019"]
[Site "Chelyabinsk"]
[Date "2019.09.07"]
[Round "9.1"]
[White "Movsesian, Sergei"]
[Black "Volkov, Sergey"]
[Result "1/2-1/2"]
[WhiteElo "2654"]
[BlackElo "2557"]
[Annotator "TA"]
[PlyCount "23"]
[EventDate "2019.09.06"]
[EventType "swiss"]
[EventCountry "RUS"]
[SourceTitle "playchess.com"]
[Source "ChessBase"]
[SourceQuality "1"]

{[%evp 12,23,0,0,0,0,0,0,8,0,0,0,31,0]} 1. Nf3 d5 2. g3 Nf6 3. Bg2 c6 4. O-O Bf5 5. c4 ({Predecessor:} 5. d3 e6 {½-½ (12) Kerem,H (2192)-Acar,U (2100) Konya 2018}) 5... e6 6. d3 dxc4 7. dxc4 Qxd1 {A11: English Opening: 1...c6} 8. Rxd1 Bc2 9. Rd2 $146 (9. Rf1 Nbd7 10. Nc3 Bb4 11. Bd2 a5 12. a3 Bxc3 13. Bxc3 a4 14. Rac1 Be4 15. Rfd1 {0-1 (86) Carlsen,M (2832)-Grischuk,A (2761) Paris 2017}) 9... Bg6 10. Rd1 Bc2 11. Rd2 Bg6 12. Rd1 1/2-1/2

[Event "Kurnosov Memorial Rapid 2019"]
[Site "Chelyabinsk"]
[Date "2019.09.07"]
[Round "9.2"]
[White "Pridorozhni, Aleksei"]
[Black "Bareev, Evgeny"]
[Result "0-1"]
[WhiteElo "2599"]
[BlackElo "2643"]
[Annotator "TA"]
[PlyCount "108"]
[EventDate "2019.09.06"]
[EventType "swiss"]
[EventCountry "RUS"]
[SourceTitle "playchess.com"]
[Source "ChessBase"]
[SourceQuality "1"]

{[%evp 9,108,-8,3,-8,-12,-45,-53,-67,-50,-139,-107,-141,-54,-60,-58,-62,-62,-55,-52,-48,-49,-60,-75,-79,-55,-59,-52,-52,-58,-59,-53,-55,-60,-81,-66,-82,-76,-83,-60,-77,-66,-92,-54,-46,-48,-46,-18,-50,-26,-51,-47,-48,-41,-58,-50,-59,-64,-228,-232,-231,-229,-224,-167,-226,0,1,27,30,30,38,30,30,30,30,45,45,45,29,29,0,0,0,0,0,0,0,0,0,0,0,0,-8,-8,-626,-8,-29977,-29978,-29976,-29977,-29972,-29970]} 1. e4 c5 2. Nc3 e6 3. Nf3 a6 4. g4 (4. d4 cxd4 5. Nxd4 Qc7 6. g3 Bb4 7. Bd2 Nf6 8. Bg2 O-O 9. O-O Bc5 10. Nb3 Be7 11. f4 d6 12. g4 b5 13. g5 Nfd7 14. a3 Bb7 15. Be3 Nc6 16. Qh5 {1-0 (43) Guseinov,G (2664)-Caruana,F (2828) chess.com INT 2019}) 4... Nc6 $146 ({Predecessor:} 4... b5 5. Bg2 Bb7 6. d3 d6 7. O-O h6 8. a4 b4 9. Ne2 Nf6 10. h3 Be7 11. Nd2 g5 {1-0 (40) Pridorozhni,A (2491)-Petrov,A (2403) chessassistantclub.com INT 2004}) 5. Bg2 Qc7 6. O-O {B40: Sicilian: 2...e6, Unusual lines} Nge7 7. Re1 Ng6 8. d4 {Black is slightly better.} cxd4 9. Nd5 (9. Nxd4 $15 Bd6 10. h3) 9... exd5 $17 10. exd5+ {[#]} Be7 (10... Nce7 $1 $17 11. Nxd4 h6) 11. dxc6 dxc6 12. Nxd4 O-O 13. Nf5 $1 Bf6 14. c3 Be6 15. Be3 Rad8 16. Qa4 Be5 17. h3 Nf4 18. Bxf4 Bxf4 19. Nd4 Bd7 20. Qb3 g6 21. Re2 Rfe8 22. Rae1 Rxe2 23. Rxe2 Bd6 24. Bf3 Bc8 25. Qc4 Bf8 26. Kg2 Qf4 {aiming for ...Bd6.} 27. Re4 Qd6 28. Qe2 Bd7 29. Nc2 Bg7 30. Ne3 Be6 31. Nc4 Qc7 32. a3 b5 33. Ne5 $2 (33. Nd2 $15) 33... Bd5 $19 34. Re3 {[#]} Bh6 $1 {[%cal Rh6e3]} 35. Bxd5 Rxd5 36. c4 bxc4 $2 ({Don't do} 36... Bxe3 37. cxd5 Qxe5 38. Qxe3 $17) ({Black should try} 36... Rd6 $19 37. Re4 f5 38. gxf5 gxf5) 37. Re4 $11 f5 38. Qxc4 fxe4 39. Nxc6 Qf7 $1 {[#]} 40. Qxd5 $1 {[%mdl 576] Decoy} Qxd5 41. Ne7+ {[%mdl 64] Double Attack} Kf7 42. Nxd5 $14 {[%mdl 4096] Endgame KB-KN} Bc1 43. b3 Bxa3 44. Nc3 Ke6 45. Nxe4 Ke5 46. Ng5 Kd4 {Strongly threatening ...a5.} 47. Nxh7 Kc3 {Threatens to win with ...a5.} 48. Nf6 Kxb3 49. h4 a5 {...a4 is the strong threat.} 50. h5 gxh5 51. gxh5 $2 {[%mdl 8192]} (51. g5 $11) 51... a4 $2 (51... Bb2 $19 52. Nd7 Bg7) 52. h6 $2 {[%mdl 8192]} (52. Nd7 $11) 52... Bb2 {Black mates.} 53. Ne4 a3 54. Nd2+ Kb4 {Accuracy: White = 37%, Black = 64%.} 0-1

[Event "Kurnosov Memorial Rapid 2019"]
[Site "Chelyabinsk"]
[Date "2019.09.07"]
[Round "9.3"]
[White "Romanov, Evgeny"]
[Black "Bocharov, Dmitry"]
[Result "0-1"]
[WhiteElo "2579"]
[BlackElo "2519"]
[Annotator "TA"]
[PlyCount "76"]
[EventDate "2019.09.06"]
[EventType "swiss"]
[EventCountry "RUS"]
[SourceTitle "playchess.com"]
[Source "ChessBase"]
[SourceQuality "1"]

{[%evp 9,76,0,0,0,0,7,12,0,12,0,11,0,0,-39,-7,-43,-9,-62,-62,-62,-62,-62,-59,-59,-62,-58,-75,-68,-71,-81,-25,-30,-30,-31,-39,-169,-23,-236,-251,-297,-295,-434,-202,-189,-169,-183,-184,-175,-171,-174,-181,-179,-195,-194,-138,-150,-116,-224,-131,-125,0,-329,-332,-620,-327,-608,-605,-29988,-29989]} 1. d4 Nf6 2. Nf3 d6 3. Bg5 Nbd7 {[%cal Bb8d7,Bd7b6,Bb6d5][%mdl 32]} 4. Nbd2 e5 5. dxe5 dxe5 6. Nc4 {A46: 1 d4 Nf6 2 Nf3 e6: Torre, London and Colle Systems} h6 $146 ({Predecessor:} 6... Qe7 7. c3 e4 8. Nd4 Qc5 9. Bxf6 Nxf6 10. Ne3 g6 11. Nb3 Qe5 12. g3 h5 13. Qd4 Qxd4 14. Nxd4 {0-1 (40) Lysyj,I (2490)-Zablotsky,S (2410) Tomsk 2003}) 7. Bh4 e4 8. Nd4 {The position is equal.} Nb6 9. e3 Be7 10. Qd2 O-O $36 {[%mdl 2048] Black has some pressure.} 11. O-O-O Nbd5 12. Be2 a6 13. Ne5 (13. Nb3 $11) 13... c5 $15 14. Nb3 Qc7 $1 {[%cal Rc7e5]} 15. Bg3 Bd6 16. Bc4 Bxe5 17. Bxe5 Qxe5 18. Bxd5 Bg4 19. Bxb7 Ra7 (19... Rab8 $17 20. f3 Rxb7 21. fxg4 c4) 20. f3 $1 $11 Rxb7 21. fxg4 c4 22. Nd4 (22. Qd4 $15 Qxd4 23. Nxd4) 22... Rc8 ({Don't take} 22... Nxg4 23. h3 $17) (22... Rfb8 $19 23. b3 Nxg4) 23. c3 $2 (23. Qc3 $1 $11) 23... Qa5 $19 24. a3 Nxg4 {...Ne5 is the strong threat.} 25. Qc2 (25. Rhf1 $142) 25... Qb6 (25... Ne5 $142 26. Qxe4 Rcb8) 26. Rd2 Ne5 27. Qxe4 Nd3+ 28. Kd1 Nxb2+ 29. Ke2 Na4 30. Rc1 Nc5 31. Qg4 Rd8 ({Black should play} 31... Re8 $19 {aiming for ...Rbe7.} 32. Kf1 Rxe3) 32. Rcd1 $17 Qf6 33. Nf5 (33. Qf3 $17 {was necessary.}) 33... Rxd2+ (33... Rd3 $1 $19 {And now ...g6 would win.} 34. Qf4 Rbd7) 34. Rxd2 {[#]} Nd3 ({But not} 34... Qxc3 $6 35. Nxh6+ Kh7 {[#]} 36. Nxf7 $1 $11 {[%mdl 512]}) ({Black should try} 34... Rb8 $1 $17 35. Qf4 Re8) 35. Qe4 $2 {[%mdl 8192]} (35. Qxc4 $11 Qxf5 36. Qxd3 Qh5+ {[%mdl 64] Double Attack} 37. Kf2) 35... Rb1 $19 36. g4 $2 (36. Rxd3 cxd3+ 37. Kxd3) 36... Re1+ 37. Kf3 g6 {[%mdl 64] Pin} 38. Qxc4 {Strongly threatening Qc8+.} Ne5+ {[%mdl 64] Double Attack. Accuracy: White = 30%, Black = 59%.} 0-1

[Event "Kurnosov Memorial Rapid 2019"]
[Site "Chelyabinsk"]
[Date "2019.09.07"]
[Round "9.4"]
[White "Shaposhnikov, Evgeny"]
[Black "Sivuk, Vitaly"]
[Result "0-1"]
[WhiteElo "2572"]
[BlackElo "2559"]
[Annotator "TA"]
[PlyCount "82"]
[EventDate "2019.09.06"]
[EventType "swiss"]
[EventCountry "RUS"]
[SourceTitle "playchess.com"]
[Source "ChessBase"]
[SourceQuality "1"]

{[%evp 9,82,6,8,9,16,16,10,6,30,14,10,13,24,-62,-68,-83,10,2,58,62,102,85,104,88,94,-19,-23,-20,-10,-72,-58,-65,-70,-110,-112,-101,-102,-114,-115,-106,-111,-96,-81,-97,-100,-108,-103,-129,-95,-320,-322,-320,-314,-288,-287,-347,-343,-357,-345,-351,-344,-317,-266,-290,-187,-658,-655,-29978,-29980,-29980,-29980,-5457,-1832,-5706,-2843]} 1. Nf3 d5 2. d4 Nf6 3. c4 e6 4. e3 a6 5. b3 (5. Nc3 dxc4 6. Bxc4 b5 7. Be2 Bb7 8. O-O Nbd7 9. b3 c5 10. Bb2 Be7 11. Rc1 O-O 12. Qc2 Rc8 13. Qb1 Qb6 14. Rfd1 Rfd8 15. h3 h6 16. dxc5 Nxc5 17. Rxd8+ Rxd8 {0-1 (59) Mamedyarov,S (2817)-Carlsen,M (2835) St Petersburg 2018}) 5... c5 6. Bb2 {D30: Queen's Gambit Declined: Systems without Nc3} cxd4 7. exd4 Nc6 8. Nbd2 {The position is equal.} g6 9. Bd3 Bg7 10. O-O O-O 11. c5 $146 ({Better is} 11. Ne5 $11) ({Predecessor:} 11. Rc1 dxc4 12. bxc4 b5 {½-½ (48) Bu,X (2711)-Sethuraman,S (2629) Liaocheng 2017}) 11... Nd7 $15 12. Qb1 f6 (12... Re8 $17) 13. a3 e5 (13... f5 $11) 14. b4 $14 e4 15. Bxe4 dxe4 16. Nxe4 Kh8 17. Nd6 {[#]} (17. Re1 $16) 17... Nb6 $1 $11 {[%mdl 512]} 18. Qa2 (18. cxb6 Qxd6) 18... Na4 {aiming for ...Bg4.} 19. Rae1 (19. d5 $11 Ne7 20. Rfe1) 19... Nxb2 $17 20. Qxb2 Bg4 {...Bxf3 is the strong threat.} 21. Qb3 Qd7 22. d5 Bxf3 $1 23. Qxf3 Nd4 $1 {[%cal Rd4f3]} 24. Qd3 f5 25. Re3 Nb5 {[%cal Bd4b5,Bb5d4,Bd4e2,Be2c3][%mdl 32]} 26. Nc4 Rae8 27. Rfe1 Rxe3 28. Rxe3 f4 29. Re6 $2 (29. Nb6 $17 Qd8 30. Re1) 29... Nd4 $19 30. Nb6 {[#]} Qd8 $1 31. Re4 {[#]} f3 $1 32. Qe3 Ne2+ 33. Kf1 fxg2+ 34. Kxg2 Nc3 {[%mdl 64] Double Attack} 35. Rf4 {and if Rxf8+ works, White does fine.} Re8 36. Qf3 Be5 37. Rf7 $2 (37. Rg4) 37... Qg5+ 38. Kh1 Bg7 {[%cal Re8e1]} 39. Qg3 Qc1+ {[%mdl 64] Double Attack} 40. Kg2 Ne2 41. Qf3 Qg5+ {Accuracy: White = 28%, Black = 69%.} 0-1

[Event "Kurnosov Memorial Rapid 2019"]
[Site "Chelyabinsk"]
[Date "2019.09.07"]
[Round "9.6"]
[White "Yakovich, Yuri"]
[Black "Ponkratov, Pavel"]
[Result "0-1"]
[WhiteElo "2518"]
[BlackElo "2644"]
[Annotator "TA"]
[PlyCount "68"]
[EventDate "2019.09.06"]
[EventType "swiss"]
[EventCountry "RUS"]
[SourceTitle "playchess.com"]
[Source "ChessBase"]
[SourceQuality "1"]

{[%evp 15,68,24,35,36,110,58,58,49,58,67,70,41,59,10,74,65,75,71,62,57,63,46,50,45,51,56,130,127,160,162,200,203,199,158,198,180,160,138,185,178,157,186,155,162,133,128,73,-185,-192,-183,-176,-373,0,-698,-690]} 1. d4 Nf6 2. c4 e6 3. Nc3 c5 4. d5 exd5 5. cxd5 g6 6. Nf3 Bg7 7. Bf4 d6 8. Qa4+ Bd7 9. Qb3 {A61: Modern Benoni: Nf3 without early e4} O-O $146 (9... Qc7 $14) (9... Qc7 10. e4 O-O 11. Be2 a6 12. a4 Bg4 13. h3 Bxf3 14. Bxf3 Nfd7 15. O-O Ne5 16. Be2 Nbd7 17. Be3 c4 18. Qa2 f5 19. f4 Nf7 20. exf5 {1-0 (74) Postny,E (2615)-Akopian,V (2650) St Petersburg 2018}) 10. Bxd6 (10. Qxb7 $16 Qb6 11. Qxb6 (11. Qxa8 Na6 $17) 11... axb6 12. Bxd6) 10... Ba4 $14 11. Qxa4 {White is slightly better.} (11. Qxb7 Qxd6 12. Nxa4 (12. Qxa8 Nxd5 13. Nxa4 Nc6 $11) 12... Nbd7) 11... Qxd6 12. Rd1 Nbd7 13. Qc2 a6 14. a4 Rfe8 (14... c4 $11) 15. e3 $1 $16 Rac8 16. Be2 c4 17. O-O Qb4 18. Rd4 Nb6 19. Rfd1 Nfd7 20. Rf4 f5 (20... Rc5 $14) 21. g4 fxg4 22. Rxg4 Rf8 23. Ng5 $1 {[%cal Rg5h7]} Ne5 24. Rg3 Qb3 25. Qxb3 cxb3 26. Ne6 Rxc3 27. bxc3 {[%cal Bb2c3,Bc3c4][%mdl 32]} Nxa4 28. e4 Rc8 29. c4 $1 b2 30. d6 b5 {[%cal Bb7b5,Bb5c4,Bc4c3][%mdl 32]} 31. Nxg7 $2 {[%mdl 8192]} ({But not} 31. cxb5 Rc1 $11) (31. Ra3 $16 {keeps the pressure on.}) 31... bxc4 $19 {Threatens to win with ...c3.} 32. Nf5 {[#] Strongly threatening Ne7+.} c3 $1 {[%cal Rc3c2][%mdl 1024] Hoping for ...c2. Black has strong compensation.} 33. d7 $2 {[#]} ({Avoid the trap} 33. Ne7+ $2 Kh8 $19) (33. Nd4 {was worth a try.} c2 34. Nxc2 Rxc2 35. f4) 33... Rd8 $2 ({Black should try} 33... Nxd7 $1 $19 {...c2 is the strong threat.} 34. Ne7+ Kh8) 34. Nd4 $2 {[%mdl 8192]} (34. Ne3 $11) 34... Rxd7 {Accuracy: White = 56%, Black = 52%.} 0-1

[Event "Kurnosov Memorial Rapid 2019"]
[Site "Chelyabinsk"]
[Date "2019.09.07"]
[Round "9.7"]
[White "Sveshnikov, Evgeny"]
[Black "Kokarev, Dmitry"]
[Result "1/2-1/2"]
[WhiteElo "2449"]
[BlackElo "2601"]
[Annotator "TA"]
[PlyCount "84"]
[EventDate "2019.09.06"]
[EventType "swiss"]
[EventCountry "RUS"]
[SourceTitle "playchess.com"]
[Source "ChessBase"]
[SourceQuality "1"]

{[%evp 9,84,18,14,12,12,16,26,28,25,-5,6,-14,-8,-15,-8,-11,-8,-4,-4,-6,-8,0,-4,0,-2,-4,0,0,0,0,0,-3,0,0,0,0,0,0,0,0,0,0,0,-15,-7,-8,0,0,0,-40,-32,-60,0,-61,0,0,0,-5,0,0,7,0,0,0,0,0,0,0,0,0,0,-5,0,0,0,0,0]} 1. e4 c5 2. c3 Nf6 3. e5 Nd5 4. Bc4 Nb6 5. Bb3 c4 (5... Nc6 6. Nf3 d5 7. exd6 Qxd6 8. Na3 Be6 9. O-O Bxb3 10. Qxb3 e6 11. d4 cxd4 12. Nb5 Qd7 13. Nbxd4 {½-½ (13) Salgado Lopez,I (2629)-Mamedov,R (2703) St Petersburg 2018}) 6. Bc2 {B22: Sicilian: 2 c3} d6 7. exd6 Qxd6 8. Nf3 {White has an edge.} Qe6+ 9. Qe2 Qxe2+ 10. Kxe2 Nc6 $146 ({Predecessor:} 10... Bg4 11. d4 cxd3+ 12. Bxd3 N8d7 {½-½ (40) Lambertz,M (1969)-Lukovski,L (2064) Cologne 2006}) 11. d4 cxd3+ $1 12. Bxd3 Bg4 13. h3 Bxf3+ 14. Kxf3 Ne5+ 15. Ke2 Nxd3 16. Kxd3 e6 17. Ke2 O-O-O 18. Be3 Nc4 19. b3 Nxe3 20. fxe3 g6 21. Nd2 Bg7 22. Ne4 Kd7 23. Rad1+ Ke7 24. c4 f5 {[#] And now ...Rxd1 would win.} 25. Nc5 b6 $36 {[%mdl 2048] Black has the initiative.} 26. Na6 (26. Nd3 {is interesting.} h5 27. c5 Rc8 28. Nf4 Kf6 29. Rd6) 26... Rxd1 27. Rxd1 Rd8 28. Rxd8 Kxd8 $11 {[%mdl 4096] Endgame KB-KN} 29. b4 {[%cal Bb3b4,Bb4b5][%mdl 32]} Kd7 30. Kd3 Bf8 ({Better is} 30... e5 $15) 31. a4 (31. Kd4 $1 $11) 31... Kc6 (31... e5 $1 $15) 32. b5+ {The position is equal.} Kd6 33. Nb8 Kc7 34. Nc6 a5 35. Nd4 Kd7 36. Nb3 Bb4 37. Kd4 Kd6 38. e4 e5+ 39. Ke3 h5 40. Kf3 Ba3 41. g4 hxg4+ 42. hxg4 f4 {Accuracy: White = 78%, Black = 55%.} 1/2-1/2

[Event "Kurnosov Memorial Rapid 2019"]
[Site "Chelyabinsk"]
[Date "2019.09.07"]
[Round "9.8"]
[White "Harutjunyan, Gevorg"]
[Black "Kotsur, Pavel"]
[Result "1-0"]
[WhiteElo "2455"]
[BlackElo "2528"]
[Annotator "ChessBase"]
[PlyCount "53"]
[EventDate "2019.09.06"]
[EventType "swiss"]
[EventCountry "RUS"]
[SourceTitle "playchess.com"]
[Source "ChessBase"]
[SourceQuality "1"]
[TimeControl "900+10"]

1. e4 {[%emt 0:00:00]} c5 {[%emt 0:00:00]} 2. Nf3 {[%emt 0:00:00]} e6 {[%emt 0:00:00]} 3. d4 {[%emt 0:00:00]} cxd4 {[%emt 0:00:00]} 4. Nxd4 {[%emt 0:00:00]} a6 {[%emt 0:00:00]} 5. Nc3 {[%emt 0:00:03]} Qc7 {[%emt 0:00:03]} 6. Qf3 {[%emt 0:00:24]} Nf6 {[%emt 0:03:34]} 7. Bg5 {[%emt 0:00:13]} Be7 {[%emt 0:00:25]} 8. O-O-O {[%emt 0:00:05]} d6 {[%emt 0:00:23]} 9. Be2 {[%emt 0:00:35]} Bd7 {[%emt 0:00:54]} 10. Qg3 {[%emt 0:03:54]} b5 {[%emt 0:01:37]} 11. Nf5 {[%emt 0:03:10]} exf5 {[%emt 0:01:26]} 12. Bxf6 {[%emt 0:00:02]} gxf6 {[%emt 0:03:26]} 13. Nd5 {[%emt 0:00:24]} Qd8 {[%emt 0:00:15]} 14. Qg7 {[%emt 0:02:06]} Rf8 {[%emt 0:00:05]} 15. exf5 {[%emt 0:00:46]} Bxf5 {[%emt 0:00:48]} 16. Bf3 {[%emt 0:02:47]} Ra7 {[%emt 0:00:24]} 17. Rhe1 {[%emt 0:00:08]} Be6 {[%emt 0:00:01]} 18. Qxh7 {[%emt 0:01:27]} Kd7 {[%emt 0:01:34]} 19. Nf4 {[%emt 0:00:16]} Kc8 {[%emt 0:01:27]} 20. Nxe6 {[%emt 0:00:22]} fxe6 {[%emt 0:00:02]} 21. Rxe6 {[%emt 0:00:04]} f5 {[%emt 0:00:05]} 22. Kb1 {[%emt 0:00:10]} Rc7 {[%emt 0:00:24]} 23. Rde1 {[%emt 0:00:24]} Bf6 {[%emt 0:00:47]} 24. Qh5 {[%emt 0:00:15]} Re7 {[%emt 0:00:13]} 25. Qxf5 {[%emt 0:00:15]} Rxe6 {[%emt 0:00:52]} 26. Rxe6 {[%emt 0:00:05]} Qd7 {[%emt 0:00:07]} 27. Rxf6 {[%emt 0:00:08]} 1-0